| 000 | 00351cam a22001217a 4500 | ||
|---|---|---|---|
| 008 | 180718b1962 xxu||||| |||| 00| 0 eng d | ||
| 082 | _aY11x42 St23/62 | ||
| 100 | _aStamp, L. Dudley | ||
| 245 |
_aThe land Britain: its use and misuse _cby L. Dudley Stamp |
||
| 260 |
_aLondon _bLongmans, Green _c1962 |
||
| 300 | _aviii, 546p. | ||
| 650 | _aLand --Britain | ||
| 999 |
_c436673 _d436673 |
||